| 000 | 00522nam a2200169 4500 | ||
|---|---|---|---|
| 001 | 131245 | ||
| 003 | ES-MaACL | ||
| 005 | 20230906193939.0 | ||
| 007 | t| | ||
| 008 | 070214s1973 sp r ||||1| spa d | ||
| 100 | 1 |
_aRobinson, Joan. _997894 |
|
| 245 | 1 | 0 |
_aEconomía de mercado versus economía planificada / _cJoan Robinson ; [traducción de Mireia Bofill]. |
| 260 |
_aBarcelona : _bMartínez Roca, _c1973. |
||
| 300 |
_a279 p. ; _c20 cm. |
||
| 700 | 1 |
_aBofill, Mireia. _929779 |
|
| 852 |
_aES-MaACL _jC-54930 _bR.87170 |
||
| 999 |
_c131245 _d131245 |
||